| 000 | 00390nam a22001577a 4500 | ||
|---|---|---|---|
| 003 | macl | ||
| 005 | 20240602113949.0 | ||
| 008 | 240602b |||||||| |||| 00| 0 eng d | ||
| 040 | _cmacl | ||
| 082 | _a333 | ||
| 100 |
_aShankar IAS Academy _982401 |
||
| 245 | _aEnvironment 10th Edition | ||
| 260 |
_aChennai _bShankar IAS Academy _c2023 |
||
| 650 | _aEnvironment | ||
| 942 |
_2ddc _cC. BOOKS |
||
| 999 |
_c66897 _d66897 |
||